| 000 | 00532nam a22002057a 4500 | ||
|---|---|---|---|
| 003 | PILC | ||
| 005 | 20160112145849.0 | ||
| 008 | 130909t xxu||||| |||| 00| 0 eng d | ||
| 020 | _a059035342 | ||
| 050 |
_aPZ 7 _b.R884ss 1999 |
||
| 100 |
_aRowling, J. K. _917401 |
||
| 245 |
_aHarry potter and the sorcerers stone _cJ. K. Rowling. |
||
| 260 |
_aNew York : _bScholastic, _cc1999. |
||
| 300 |
_a312 p. : _c19 cm. |
||
| 650 |
_a Fiction. _9746 |
||
| 942 |
_2lcc _cBK |
||
| 999 |
_c42338 _d42338 |
||